000 00811cam a2200229 4500
001 L137004
008 070308s2007 xxk f 000 0 eng d
035 _a(Sirsi) u137004
041 0 _aeng
100 1 _aMcKenna, John
245 0 0 _aDigging for dirty secrets
260 _c2007
490 0 _aNew Civil Engineer
_v1 March 2007, 24-27(4)
520 _aReports on progress at the future Olympic Park highlighting the clean-up necessary for the contaminated land which includes the presence of radioactive waste and Japanese knotweed.
590 _aKA
650 2 4 _aOLYMPIC GAMES 2012
650 2 4 _aJAPANESE KNOTWEED
651 4 _aLONDON
690 _aPROPERTY-RURAL AND NATURAL ASSETS-LAND-CONTAMINATED LAND
690 _aPROPERTY-COMMERCIAL PROPERTY-LEISURE PROPERTY-SPORTS PROPERTY
942 _n0
999 _c106583
_d106583